| 000 | 01022nam a22002897a 4500 | ||
|---|---|---|---|
| 001 | 32687 | ||
| 003 | AR-RoBPED | ||
| 005 | 20260505102630.0 | ||
| 007 | ta | ||
| 008 | 260504s1985 ag a|||br 001 1|spa d | ||
| 020 | _a9501300684 | ||
| 040 | _aAR-RoBPED | ||
| 041 | _aspa | ||
| 100 | 1 |
_aCabal, Graciela Beatríz _d1939-2004 _917322 |
|
| 245 | 1 | 0 |
_aCosas de chicos 3 : _blibro de lecturas para la tercera etapa del primer ciclo : (tercer grado) / _cGraciela B. Cabal, Graciela Montes ; ilustraciones Sergio Kern, Elena Torres. |
| 260 |
_aBuenos Aires : _bKapelusz, _c1985. |
||
| 300 |
_a144 p. : _bil. ; _c26 cm. |
||
| 500 | _aEl texto incluye viñetas con uso de letra cursiva. | ||
| 650 | 4 |
_aLIBROS DE LECTURA _915325 |
|
| 650 | 4 |
_aTERCER GRADO _91463 |
|
| 650 | 4 |
_aARCHIVO INFANTIL _924464 |
|
| 700 | 1 |
_aMontes, Graciela _d1947- _96070 |
|
| 700 | 1 |
_aKern, Sergio _926019 _eil. |
|
| 700 | 1 |
_aTorres, Elena _926001 _eil. |
|
| 942 |
_cBK _2udc _aK. 32687 _h372.4 _kIA _mC 13 c _pInv. 42425 |
||
| 945 | _acd 04/05/2026 - | ||
| 999 |
_c32687 _d32687 |
||